logo

Bir Sreshtho Munshi Abdur Rouf Library
Jhenaidah Cadet College

মোসাদ - ২ / (Record no. 11925)

MARC details
000 -LEADER
fixed length control field 00725nam a2200229 a 4500
001 - CONTROL NUMBER
JCCL Control Number 11925
003 - CONTROL NUMBER IDENTIFIER
JCCL marc code BD-JhCC
005 - DATE AND TIME OF LATEST TRANSACTION
control field 20220524134021.0
008 - FIXED-LENGTH DATA ELEMENTS--GENERAL INFORMATION
fixed length control field 201201b20172019bg a|||| ||a| 000 0 ben d
020 ## - INTERNATIONAL STANDARD BOOK NUMBER
International Standard Book Number 9789849298212
035 ## - SYSTEM CONTROL NUMBER
system control number (BD-JhCC)11925
040 ## - CATALOGING SOURCE
Original cataloging agency BD-JhCC
Modifying agency BD-JhCC
041 ## - LANGUAGE CODE
Language code of Book ben
082 ## - DEWEY DECIMAL CLASSIFICATION NUMBER
Classification number 891.7
Author mark and Year MIL 2019
100 ## - MAIN ENTRY--PERSONAL NAME
Personal name মিলন, কায়কোবাদ
245 ## - TITLE STATEMENT
Title মোসাদ - ২ /
Statement of responsibility, etc কায়কোবাদ মিলন ।
260 ## - PUBLICATION, DISTRIBUTION, ETC. (IMPRINT)
Place of publication, distribution, etc ঢাকা:
Name of publisher, distributor, etc আবিষ্কার ;
Date of publication, distribution, etc ২০১৯.
300 ## - PHYSICAL DESCRIPTION
Pagination 224 p. :
Other physical details ill;
Dimensions 22 cm.
650 ## - SUBJECT ADDED ENTRY--TOPICAL TERM
Topical term or geographic name as entry element Secret service
Form subdivision Bangladesh
General subdivision Intelligence service
Geographic subdivision Sherut ha-biṭaḥon ha-kelali
942 ## - ADDED ENTRY ELEMENTS (KOHA)
Source of classification or shelving scheme Dewey Decimal Classification
Koha item type Books
Koha issues (borrowed), all copies 6
Holdings
Source of classification or shelving scheme Damaged status Not for loan Home library Current library Shelving location Date of accession Source of acquisition Cost, normal purchase price Total Checkouts Full call number Barcode Date last seen Date checked out Copy number Koha item type
Dewey Decimal Classification     JCC Rouf Library JCC Rouf Library General Stacks 12/01/2020 Lt. Gen. Mahfuzur Rahman (10th intake) 293.00 11 891.7 MIL 2019 16245 09/04/2025 06/25/2025 C-1 Books

JCC Library | Contacts | JCC Home

Last Update on 23 September 2017
Copyright @ 2017-2020 JCC Rouf Library
Rouf Library, Jhenidah Cadet College (JCC), Bangladesh